000 01035cab a2200205 4500
001 ##L134891
008 060908n2006 000 0 eng u
035 _a(Sirsi) u134891
041 0 _aeng
110 2 _aGreat Britain
_bHealth and Safety Executive
245 0 0 _aMaintenance workers warned
_bdon't take the gamble with asbestos
260 _c2006
490 0 _aHealth and Safety Executive Press Release
_v7 September 2006
520 _aThe Health and Safety Executive (HSE) has launched a campaign entitled Don't take the gamble, which is aimed at raising awareness of the dangers of asbestos amongst maintenance workers. In connection with the campaign, the HSE has created a one-stop-shop asbestos website offering advice on the subject (see L135001)
590 _aIKA190906, KA
651 4 _aGREAT BRITAIN
690 _aMANAGEMENT-HEALTH AND SAFETY-HAZARDOUS SUBSTANCES-ASBESTOS
856 4 0 _uhttps://www.hse.gov.uk/press/2006/e06091.htm
_zView the press release free of charge at the www.hse.gov.uk website.
942 _n0
999 _c77694
_d77694